Teoría del lenguaje

Gespeichert in:
Bibliographische Detailangaben
1. Verfasser: Buhler, Karl (VerfasserIn)
Format: Buch
Sprache:Spanisch
Veröffentlicht: Madrid Revista de Occidente 1950
Schriftenreihe:Biblioteca Conocimiento del Hombre
Schlagworte:
Tags: Tag hinzufügen
Keine Tags, Fügen Sie den ersten Tag hinzu!

MARC

LEADER 00000nam a2200000 a 4500
001 UCZ5781
003 CL-VaPUC
008 951124e19500000SP |||||||||||||||||spa|d
082 0 4 |a 401  |b BUH  |2 21 
100 |a Buhler, Karl  |e author  |9 335690 
245 1 0 |a Teoría del lenguaje 
300 |a 489 p 
942 |c BK 
945 |d 19951124 00:00:00  |a lriquelm 
260 |a Madrid  |b Revista de Occidente  |c 1950 
650 7 |a TEORIA LINGUISTICA  |2 CL-VaPUC  |9 334835 
650 0 |a Lingüística  |9 265068 
650 0 |a Filosofía   |9 223554 
650 0 |a Filología   |9 321245 
650 0 |a Lingüística  |9 265068 
583 |a last modification  |c 19951124 00:00:00  |k Rodrigo Vera 
490 0 |a Biblioteca Conocimiento del Hombre 
999 |c 242070  |d 242068 
952 |0 0  |1 0  |4 0  |6 401_000000000000000_BUH_1950  |7 0  |8 P  |9 254780  |a BIBEDU  |b BIBEDU  |c BIBEDU_PB  |d 2019-11-19  |i 1577131  |o 401 BUH 1950  |p 1577131  |r 2024-01-25  |w 2019-11-19  |y BK  |k FIL